General Knowledge Pictures - Beginning 'P' - Statistics

General Stats
  • This quiz has been taken 99 times
    79 since last reset
  • The average score is 17 of 28
Answer Stats
Picture Answer % Correct
Palm tree
94%
Plum
89%
Purple
84%
Python
84%
Pelican
82%
Parachute
81%
Peru
77%
Parthenon
74%
Poland
71%
Paint brush
68%
Pecan
68%
Philippines
68%
Portugal
68%
Pew
63%
Pinata
61%
Luciano Pavarotti
58%
Passionfruit
58%
Pythagoras
56%
Pablo Picasso
55%
Palette
55%
Pantheon
55%
Piccolo
50%
Pagoda
47%
Phosphorus
44%
Palau
40%
Pansy
40%
Profiterole
21%
Peccary
8%
No matching quizzes found
Score Distribution
Percent of People with Each Score
Percentile by Number Answered
Your Score History
You have not taken this quiz since the last reset